000 00504nam a2200181Ia 4500
003 GCL
008 140319s9999 xx 000 0 eng d
040 _aGCL /
_cGCL
082 0 4 _a953.76
_bH P
100 1 _aHASWNAH, IMAN
245 1 0 _aPROCEEDINGS OF THE INTERNATIONAL ISLAMIC CONVENTION /
_cHASWNAH, IMAN
700 1 _aHASAN, IHSAN DAID
260 _a[S.N] :
_bGENERAL EGYPTIAN BOOK ORGANITION ،
_c1992
650 0 4 _aKUWAIT
650 0 4 _aGULF WAR
650 0 4 _aPRISONERS OF WAR
942 _2ddc
_cBK
999 _c10184
_d10184